[Event "Olomouc Seniors op"]
[Site "Olomouc"]
[Date "2014.07.31"]
[Round "2"]
[White "Zdrazil, Bohumir"]
[Black "Piankov, Evgenij"]
[Result "0-1"]
[WhiteElo "1864"]
[BlackElo "2284"]
[PlyCount "64"]
[EventDate "2014.07.30"]
[EventType "swiss"]
[EventRounds "9"]
[EventCountry "CZE"]
[SourceTitle "EXT 2015"]
[Source "ChessBase"]
[SourceDate "2014.11.20"]
[SourceVersion "1"]
[SourceVersionDate "2014.11.20"]
[SourceQuality "1"]

1. Nf3 d5 2. d4 Nf6 3. c4 c6 4. e3 a6 5. c5 g6 6. h3 Bg7 7. Bd3 Ne4 8. Nbd2 f5 9. Nf1 Nd7 10. Qc2 e5 11. b4 Nxf2 12. Qxf2 e4 13. Be2 exf3 14. Bxf3 a5 15. Qb2 axb4 16. Qxb4 Qe7 17. Bb2 b6 18. a3 bxc5 19. dxc5 Rb8 20. Bxg7 Rxb4 21. Bxh8 Rb3 22. Bd4 Nxc5 23. Bd1 Rd3 24. Be2 Rxd4 25. exd4 Ba6 26. Ra2 Nd3+ 27. Kd2 Nb4 28. Bxa6 Nxa2 29. Ne3 Qxa3 30. Re1 Qa5+ 31. Kd1 Nc3+ 32. Kc2 Ne4 0-1

[Event "Bratislava Doprastav op"]
[Site "Bratislava"]
[Date "2013.07.04"]
[Round "8"]
[White "Kutny, Marian"]
[Black "Zdrazil, Bohumir"]
[Result "1/2-1/2"]
[WhiteElo "1920"]
[BlackElo "1920"]
[PlyCount "65"]
[EventDate "2013.06.28"]
[EventType "swiss"]
[EventRounds "9"]
[EventCountry "SVK"]
[SourceTitle "EXT 2015"]
[Source "ChessBase"]
[SourceDate "2014.11.20"]
[SourceVersion "1"]
[SourceVersionDate "2014.11.20"]
[SourceQuality "1"]

1. d4 d5 2. c4 e6 3. e3 Nf6 4. Nf3 c6 5. Nc3 Nbd7 6. cxd5 exd5 7. Bd3 Bd6 8. 0-0 0-0 9. e4 dxe4 10. Nxe4 Nxe4 11. Bxe4 Be7 12. Bc2 Re8 13. Qd3 Nf8 14. Re1 Be6 15. Bd2 Qc7 16. Bc3 Bd5 17. Re3 Bf6 18. a3 Rxe3 19. Qxe3 g6 20. Re1 Ne6 21. Ne5 Bg7 22. f4 f6 23. Nd3 Bh6 24. g3 Re8 25. Qf2 Ng7 26. Rxe8+ Nxe8 27. Qe3 Qf7 28. Nb4 Nc7 29. Nxd5 Nxd5 30. Qd3 Bf8 31. Bb3 Qe6 32. Ba2 Kg7 33. Kf2 1/2-1/2

[Event "Bratislava Slovan op"]
[Site "Bratislava"]
[Date "2013.04.30"]
[Round "5"]
[White "Zdrazil, Bohumir"]
[Black "Goga, Frantisek"]
[Result "1-0"]
[WhiteElo "1896"]
[BlackElo "1944"]
[PlyCount "135"]
[EventDate "2013.04.27"]
[EventType "swiss"]
[EventRounds "9"]
[EventCountry "SVK"]
[SourceTitle "EXT 2023"]
[Source "ChessBase"]
[SourceDate "2022.10.05"]
[SourceVersion "1"]
[SourceVersionDate "2022.10.05"]
[SourceQuality "1"]

1. d4 Nf6 2. Nf3 g6 3. c4 Bg7 4. Nc3 0-0 5. e4 d6 6. h3 c5 7. Be3 cxd4 8. Nxd4 Nc6 9. Be2 Bd7 10. 0-0 Nxd4 11. Bxd4 Bc6 12. Bf3 e6 13. Re1 Nd7 14. Bxg7 Kxg7 15. Qxd6 Qb6 16. b4 Rfd8 17. b5 Nf6 18. Qb4 Be8 19. c5 Qc7 20. Rac1 Qe5 21. Ne2 Rac8 22. a4 Rd3 23. Qc4 Rd2 24. Qc3 Qxc3 25. Rxc3 Ra2 26. Rc4 Nd7 27. Nc3 Ra3 28. e5 Rxc5 29. Rxc5 Nxc5 30. Ne4 Nd3 31. Rd1 Nxe5 32. Rd8 Kf8 33. Ra8 Nc4 34. Nf6 Nd6 35. Nxe8 Nxe8 36. Bxb7 Ke7 37. Rxa7 Kd6 38. Bc6 Nc7 39. a5 Ra1+ 40. Kh2 Nd5 41. a6 Nc7 42. Bd7 Kxd7 43. b6 Rxa6 44. Rxc7+ Kd6 45. Rxf7 Rxb6 46. Rxh7 Ke5 47. Rf7 Rb4 48. g4 g5 49. Kg3 Rb3+ 50. f3 Ra3 51. h4 gxh4+ 52. Kxh4 Ra8 53. g5 Rh8+ 54. Kg4 Kd6 55. g6 e5 56. Kf5 Rh5+ 57. Kf6 Rh3 58. Kg7 Ke6 59. Kg8 Rg3 60. g7 e4 61. fxe4 Ra3 62. Rf5 Ra1 63. Kh7 Rh1+ 64. Kg6 Rg1+ 65. Rg5 Rxg5+ 66. Kxg5 Kf7 67. Kh6 Kg8 68. e5 1-0

[Event "Liberec op 13th"]
[Site "Liberec"]
[Date "2012.10.21"]
[Round "2"]
[White "Benes, Petr1111"]
[Black "Zdrazil, Bohumir"]
[Result "1-0"]
[WhiteElo "2105"]
[BlackElo "1942"]
[PlyCount "49"]
[EventDate "2012.10.20"]
[EventType "swiss"]
[EventRounds "9"]
[EventCountry "CZE"]
[SourceTitle "EXT 2013"]
[Source "ChessBase"]
[SourceDate "2012.11.22"]
[SourceVersion "1"]
[SourceVersionDate "2012.11.22"]
[SourceQuality "1"]

1. c4 Nf6 2. Nf3 d6 3. d4 g6 4. Nc3 Bg7 5. Bg5 Bf5 6. e3 Ne4 7. Nxe4 Bxe4 8. Be2 c6 9. 0-0 Qa5 10. Bh4 Qc7 11. b4 a5 12. a3 0-0 13. c5 axb4 14. axb4 Rxa1 15. Qxa1 dxc5 16. bxc5 Re8 17. Bg3 Qd8 18. Qa7 Qc8 19. Ng5 Bf5 20. Bc4 e6 21. e4 Bg4 22. h3 h6 23. Nxf7 Kxf7 24. hxg4 Bxd4 25. Rd1 1-0

[Event "SVK-ch Seniors"]
[Site "Tatranske Matliare"]
[Date "2012.06.04"]
[Round "4"]
[White "Zdrazil, Bohumir"]
[Black "Ruckschloss, Karol"]
[Result "0-1"]
[WhiteElo "1904"]
[BlackElo "2249"]
[PlyCount "59"]
[EventDate "2012.06.02"]
[EventType "swiss"]
[EventRounds "9"]
[EventCountry "SVK"]
[SourceTitle "EXT 2014"]
[Source "ChessBase"]
[SourceDate "2013.11.20"]
[SourceVersion "1"]
[SourceVersionDate "2013.11.20"]
[SourceQuality "1"]

1. d4 f5 2. g3 g6 3. Bg2 Nf6 4. c4 d6 5. Nf3 Bg7 6. Nc3 c6 7. 0-0 0-0 8. Bf4 h6 9. h4 Nh5 10. Bd2 e5 11. dxe5 dxe5 12. Qc1 Kh7 13. Nh2 Be6 14. b3 Nd7 15. e4 f4 16. g4 Nhf6 17. f3 Nc5 18. Be1 Nd3 19. Qc2 Nxe1 20. Raxe1 Nd7 21. Qf2 Bf6 22. g5 hxg5 23. hxg5 Bxg5 24. Rd1 Bh4 25. Qe2 Bg3 26. Ng4 Qh4 27. Bh1 Kg7 28. Qg2 Nf6 29. Nf2 Rh8 30. Ra1 0-1

[Event "Stare Mesto op"]
[Site "Stare Mesto"]
[Date "2011.08.12"]
[Round "1"]
[White "Zdrazil, Bohumir"]
[Black "Talla, Vladimir"]
[Result "0-1"]
[WhiteElo "1888"]
[BlackElo "2427"]
[PlyCount "84"]
[EventDate "2011.08.12"]
[EventType "swiss"]
[EventRounds "10"]
[EventCountry "CZE"]
[SourceTitle "CBM 143 Extra"]
[Source "ChessBase"]
[SourceDate "2011.08.29"]
[SourceVersion "1"]
[SourceVersionDate "2011.08.29"]
[SourceQuality "1"]

1. d4 Nf6 2. Nf3 g6 3. g3 Bg7 4. Bg2 0-0 5. 0-0 d6 6. c4 Nc6 7. Nc3 a6 8. a3 Nd7 9. Qd3 e5 10. e3 Kh8 11. d5 Ne7 12. e4 h6 13. b4 f5 14. Nh4 f4 15. Bd2 Bf6 16. Nf3 g5 17. g4 h5 18. h3 hxg4 19. hxg4 Ng6 20. Ne1 f3 21. Nxf3 Kg7 22. Ne2 Nf4 23. Nxf4 gxf4 24. Bh3 Rh8 25. Kg2 Nf8 26. Rh1 Ng6 27. Rag1 Kf7 28. Kf1 Bd7 29. Ke2 Qc8 30. Qb1 c6 31. Qc1 b5 32. Ne1 bxc4 33. Qxc4 cxd5 34. Qxc8 Raxc8 35. exd5 e4 36. Kf1 Bb5+ 37. Kg2 Nh4+ 38. Kh2 Be5 39. f3 Nxf3+ 40. Nxf3 exf3 41. Rc1 Rxh3+ 42. Kxh3 Rh8# 0-1